000 00615nam a2200217 a 4500
001 49713
003 BD-RjUL
005 20211209054722.0
008 160822s1964 mau |ob |||||0|eng d
035 _a(BD-RjUL)49833
040 _aDLC
_cDLC
_dVaAlASP
_dBD-RjUL
_beng
041 _aeng
082 _223
_a331.082
_bMAN 1964
245 0 1 _aMan in a world at work
_ced. by Henry Borow
260 _aBoston :
_bHoughton Mifflin company,
_cc1964
300 _axvii, 606 p. :
_bill. ;
_c27 cm.
500 _aIncludes Index
650 0 _aVocational guidance.
_9149047
700 _aBorow, Henry,
_9149048
942 _2ddc
_cBK
999 _c49713
_d49713